Responses for Show #8394 - Thursday, May 6, 2021

Champion's winnings & consolation amounts matched to Media Fellowship House.

Contestants

[<< previous game]

Steve Bright, an attorney from Norwell, Massachusetts

Kalee Hernandez, a musician, food vendor, and optician from Iron River, Michigan

Jamie Logan, a writer and consultant from Augusta, Maine (whose 1-day cash winnings total $32,200)

[next game >>]

Jeopardy! Round responses

AROUND TENNESSEE
12-LETTER WORDS
AIR DEMONSTRATION SQUADRONS
HOT STUFF
ON BASS
HYBRID ANIMAL PARENTS
(Bill: Clues are about real animals; give us the two parents they're named for.)
    $200 22
Dollywood

Jamie
    $200 8
(Jamie: What is the Colosseum?)

an amphitheater

Jamie
Triple Stumper
    $200 21
the Thunderbirds

Triple Stumper
    $200 13
lava

Kalee
    $200 1
Paul McCartney

Jamie
    $200 6
a swan & goose

Kalee
    $400 23
Chattanooga

Steve
    $400 9
(Steve: What is emphysema?)

tuberculosis

JamieSteve
    $400 27
the RAF

Jamie
    $400 14
chestnuts

Jamie
    $400 2
the Go-Go's

Kalee
    $400 18
yak & cattle

Jamie
    $600 24
(Kalee: What is Boonesville?)

Davy Crockett

JamieKalee
    $600 10
an interjection

Jamie
    $600 28
Snowbirds

Steve
    $600 15
curry

Steve
    $600 5
Marvin Gaye

Steve
    $600 19
a camel & a llama

Steve
    $800 25
(Steve: What are the Smoky Mountains?)
(Kalee: What are the Blue Smoky Mountains?)

the Appalachians

KaleeSteve
Triple Stumper
    $1,500 11
narcissistic

Jamie
    $800 29
[The end-of-round signal sounds.]

helicopters

Triple Stumper
    $800 16
Old Faithful

Steve
    $800 4
Flea

Jamie
    $800 20
(Jamie: What is a panda and a grizzly?)

a polar bear & a grizzly

Jamie
Triple Stumper
    $1000 26
Memphis

Jamie
    $1000 12
a househusband

Jamie
    $1000 17
(Steve: What is a calzone?)

ovens

Steve
Triple Stumper
    $1000 3
the Talking Heads

Jamie
    $1000 7
the narwhal & the beluga

Jamie

Scores at the first commercial break (after clue 15):

Jamie Kalee Steve
$6,700 $800 $800

Scores at the end of the Jeopardy! Round:

Jamie Kalee Steve
$8,500 -$600 $1,400

Double Jeopardy! Round responses

1920s GOOD READS
POTENT HISTORY
SAINTLY NAMED
THE ROLE IN COMMON
ON SPEAKING
TERMS
    $400 7
Fitzgerald

Jamie
    $400 14
rum

Jamie
    $400 2
(Jamie: What are cakes?)

bakers

Jamie
Triple Stumper
    $400 22
Vito Corleone

Jamie
    $400 20
stage fright

Triple Stumper
    $400 1
(Steve: What is filibuster?)

table

JamieSteve
    $800 8
Wharton

Steve
    $800 15
gin

Jamie
    $800 3
(Kalee: What is a Bernese Mountain Dog?)

a Saint Bernard

JamieKalee
    $800 24
(Bill: We have less than a minute.)

Lara Croft

Steve
    $800 21
rhetoric

Triple Stumper
    $800 10
The Guardian

Steve
    $1200 9
Dr. Dolittle

Kalee
    $1200 16
Yeltsin

Steve
    $1200 4
the Cyrillic alphabet

Triple Stumper
    $1200 25
John Shaft

Triple Stumper
    $1200 23
Dale Carnegie

Jamie
    $1200 11
double-blind

Jamie
    $1600 12
An American Tragedy

Triple Stumper
    $1600 17
Pennsylvania

Steve
    $2,700 5
St. John's wort

Jamie
    $1600 26
Oscar Madison

Triple Stumper
    $4,400 28
(Steve: Who is Bryant?)
...
[The end-of-round signal sounds.]

Oliver Wendell Holmes

Steve
    $1600 19
(Steve: Um, magnetic?--what is magnetic?)

a lodestone

Steve
Triple Stumper
    $2000 13
Roger Ackroyd

Jamie
    $2000 18
Munich

Triple Stumper
    $2000 6
St. Elmo's fire

Jamie
    $2000 27
(Jamie: Who is Queen Elizabeth II?)

Lisbeth Salander

Jamie
Triple Stumper

Scores at the end of the Double Jeopardy! Round:

Jamie Kalee Steve
$18,400 -$200 $200
(lock game)

[wagering suggestions for these scores]

Final Jeopardy! Round responses

COUNTRIES' NATIONAL ANTHEMS
(Bill: It's in the mountains between France and Spain.)
SteveWhat is Italy??
$106
JamieWhat is Turkey?
$400
Andorra

Final scores:

Jamie Kalee Steve
$18,000 -$200 $94
2-day champion: $50,200 3rd place: $1,000 2nd place: $2,000

Game dynamics:

Coryat scores:

Jamie Kalee Steve
$16,600 -$200 $4,600
25 R
(including 2 DDs),
4 W
4 R,
3 W
11 R,
6 W
(including 1 DD)

Combined Coryat: $21,000

[game clues] [game scores] [suggest correction]

Game tape date: 2021-03-02
The J! Archive is created by fans, for fans. Scraping, republication, monetization, and malicious use prohibited; this site may use cookies and collect identifying information. See terms. The Jeopardy! game show and all elements thereof, including but not limited to copyright and trademark thereto, are the property of Jeopardy Productions, Inc. and are protected under law. This website is not affiliated with, sponsored by, or operated by Jeopardy Productions, Inc. Join the discussion at JBoard.tv.